000 00820cab a2200241 4500
001 ABS53807
008 090401t1995 xxu||||| |||| 00| 0 eng d
035 _a(Sirsi) u6693
041 _aeng
100 _aPowell-Smith, V.
245 _aStanding up for yourself
260 _c1995
350 _a0
490 _aContract Journal
_v380(6045) 5 October 1995, 18(1)
520 _aDiscusses the decision in "Europa Holdings Ltd v Circle Industries Ltd" to allow a limited liability company to conduct litigation through its directors - according to the Courts and Legal Services Act 1990.
650 _aCOURTS AND LEGAL SERVICES ACT 1990
650 _aEUROPA HOLDINGS LTD V CIRCLE INDUSTRIES LTD
650 _aLEGAL REPRESENTATION
650 _aLITIGATION
690 _aLAW
942 _n0
948 _c04/03/1997
999 _c3987
_d3987